000 00508nam a2200133Ia 4500
005 20260209120138.0
008 260209s9999||||xx |||||||||||||| ||und||
100 _aJagjeet Vashishtha
245 0 _aHealth laws and human rights in India : a critical analysis with special reference to mental health law
260 _aBangaloreBangalore
_bNLSIU
_c2017
300 _a146 p. ; 25 cm.
700 _aProf. T Sathyamurthy - GuideProf. T Sathyamurthy - Guide
856 _uhttps://dans.nls.ac.in/handle/123456789/1632
999 _c217308
_d217308